000 00321nam a22001337a 4500
008 170407b xxu||||| |||| 00| 0 eng d
020 _a0387964525
041 _aeng
080 _23RD
_a616
100 _a9
101 _aSHM
245 _aBLAUSTEIN'S PATHOLOGY OF THE FEMALE GENITAL TRACT
_cKURMAN, R.J
942 _2udc
_cBK
999 _c10242
_d10242